| 000 | 00634nam a2200205Ia 4500 | ||
|---|---|---|---|
| 005 | 20260121110159.0 | ||
| 008 | 008 260114s9999 xx 000 0 hin d | ||
| 020 | _a9788132302940 | ||
| 037 | _aEBOOK | ||
| 040 |
_aCRL _bhin _cCRL |
||
| 041 |
_ahin _2hin |
||
| 084 | _qCRL | ||
| 100 |
_aशिखर चौहान / Shikhar Chauhan _9943017 |
||
| 245 | 0 | _aपर्यावरण कानून / Paryavaran Kanoon | |
| 260 |
_bभाषा प्रकाशन / Bhasha Prakashan _c2020 |
||
| 856 | _uhttps://bhashaprakashan.com/product-details/377979 | ||
| 942 | _cEBOOK | ||
| 999 |
_c1534682 _d1534682 |
||